Otázky plánovania a geonomickej výroby v pôdohospodárstve

Uložené v:
Podrobná bibliografia
Médium: Kniha
Jazyk:Slovak
Vydavateľské údaje: Bratislava Štátne nakladateľstvo 1947
Tagy: Pridať tag
Žiadne tagy, Buďte prvý, kto otaguje tento záznam!

MARC

LEADER 00000nam a2200000 4500
001 0268577
005 20240822101712.1
041 0 |a slo 
044 |a -CS 
245 1 0 |a Otázky plánovania a geonomickej výroby v pôdohospodárstve  |c A. Hrubeš 
264 1 |a Bratislava  |b Štátne nakladateľstvo  |c 1947